000 00820cam a2200229 4500
001 D7903
008 090401t1978 xxu||||| |||| 00| 0 eng d
035 _a(Sirsi) u10050
041 _aeng
050 _a711.1
110 _aGeneral Council of the Bar
_9691
245 _aPlanning and mineral working: papers from a conference held at Oxford,September 1977, organised by the Bar Council, the Law Socciety and the Royal Institution of Chartered Surveyors
260 _aLondon
_bSweet and Maxwell
_c1978
300 _a83p. ; 24cm
350 _a6
490 _aJournal of Planning and Environment Law Occasional Paper
650 _aPLANNING AND MINERAL WORKING
710 _aLaw Society of England and Wales
_91639
710 _aRoyal Institution of Chartered Surveyors
_94900
942 _n0
948 _c04/03/1997
999 _c86695
_d86695